000
00505nam a2200145Ia 4500
008
151213s9999 xx 000 0 und d
100
_a
আবু তাহের মজুমদার।
245
_a
এই পথে।
_c
আবু তাহের মজুমদার।
260
_a
ঢাকা
_b
পুনম প্রকাশনী।
_c
1991
300
_a
8644 p.
650
_a
Bangla
650
_a
গল্প।
700
_a
আবু তাহের মজুমদার।
999
_c
4431
_d
4431